| 000 | 01261cam a22003617a 4500 | ||
|---|---|---|---|
| 003 | CHAP | ||
| 005 | 20220329141815.0 | ||
| 008 | 971013s1986 r 00010 d | ||
| 010 | _a74148 | ||
| 011 | _a75120 | ||
| 035 | _a84680 | ||
| 040 | _cCHAP | ||
| 090 | _aTesis | ||
| 100 | 0 | 0 |
_aGarza Reyna, Héctor de la. _947132 |
| 245 | 0 | _aInoculación con Rhizobium loti J. a guaje (Leucaena leucocephala Lam de Wit) en dos suelos de la costa de Chiapas en invernadero | |
| 260 |
_aChapingo, Méx. : _bEl autor, _c1986 |
||
| 300 |
_a141 p. _b: gráfs. |
||
| 502 | _aTesis (Ing. Agr. Esp. en Suelos) -- UACH. Departamento de Suelos | ||
| 590 |
_aALEPH _b10 _c20130110 _lUCH01 _h1418 |
||
| 590 |
_aBATCH-UPD _b10 _c20130110 _lUCH01 _h1836 |
||
| 590 |
_aBATCH-UPD _b10 _c20130410 _lUCH01 _h1207 |
||
| 590 |
_aBATCH-UPD _b10 _c20130914 _lUCH01 _h1129 |
||
| 590 |
_aCONVERSION _b10 _c20130109 _lUCH01 _h1341 |
||
| 650 | 1 | 4 |
_aCultivos en invernadero. _930376 |
| 650 | 1 | 4 |
_aLeguminosas _xInoculación. _965834 |
| 650 | 1 | 4 |
_aRhizobium loti. _997127 |
| 650 | 1 | 4 |
_aRhizobium. _997124 |
| 650 | 1 | 4 |
_aSuelos _xChiapas. _9110236 |
| 901 | _aBK | ||
| 942 | _cFOLL | ||
| 949 |
_bBC _cTES _d-40117 _eTS1 _h19157 _i84680 _si |
||
| 949 |
_bBC _cTES _d33724000930210 _eTS2 _fc.2 _h19238 _i84680 _si |
||
| 999 |
_c74148 _d74148 |
||